000 00639nam a2200217 i 4500
001 128434
003 ES-MaACL
005 20250814052654.0
007 t|
008 070511s1970 sp ||||1| spa d
080 _a85-96"19"
080 _a159.961
100 1 _aTalamonti, Leo.
_9109107
245 1 0 _aUniverso prohibido /
_cLeo Talamonti ; [traducción de Vicente Villacampa].
260 _a[Barcelona] :
_bPlaza Janés,
_c[1970]
300 _a460 p. :
_bil. ;
_c22 cm.
650 1 7 _aParapsicología
_2embne
_915827
700 1 _aVillacampa, Vicente.
_9114904
852 _aES-MaACL
_jC-38243
_bR.72774
999 _c128434
_d128434